00772nam a22002177a 45000010005000000030006000050050017000110080041000280400029000690500008000980820008001061000015001142450028001292600040001573000059001975050007002565200205002635210032004685210019005006500035005196150FISKH20250320104505.0250320b cb ||||| |||| 00| 0 eng d aFISKHbengcFISKHdFISKH aPZ7 a813 aAnonymous  aCarla learns to share / aNashville : bCuddly Duck, c2008.  a10 unnumbered pages : bcolor illustrations ; c19 cm  aF  aThis delightful board book makes story time an adventure. Follow along while Carla the cat learns valuable lessons about sharing. Your child will enjoy turning the pages and hearing the colorful tale.8 a300 bLexile estimate NP 8 aF bRaz-Plus  aAnimals vSharingxBoard Book